000 01634nam0a2200361 i 4500
001 RU\NLR\BIBL_A\011335827
005 20260405213620.0
010 _a9785970440568
_9500
021 _aRU
_b2017-6800
_9492
035 _a(NLR Aleph) 011335827
090 _a11160886
_c11160886
100 _a20170301d2017 u y0rusy50 ca
101 0 _arus
102 _aRU
105 _aa z|||001z
200 1 _aХронические нейроинфекции
_e[руководство
_fБаранова Н.С. и др.]
_gпод редакцией проф. И.А. Завалишина [и др.]
205 _a2-е изд.
210 _aМосква
_cГэотар-Медиа
_d2017
215 _a589 с.
_cил.
_d22
225 1 _aБиблиотека врача-специалиста
_iНеврология
300 _aНа тит. л. и обл.: К юбилею Научного центра неврологии. 70 лет
320 _aБиблиогр. в конце глав
320 _aПредм. указ.: с. 588-589
606 1 _aНейроинфекции хронические
_jРуководства, пособия и т.п
_92379850
_3RU\NLR\AUTH\6601641002
686 1 _aР627.701.6я7
686 1 _aР514-262я7
686 1 _aР620.16я7
702 1 _4220
_8rus
_7ca
_aБаранова
_bН. С.
_cд-р мед. наук
_gНаталия Сергеевна
_3RU\NLR\AUTH\7796633
_979559
702 1 _4340
_aЗавалишин
_bИ. А.
_cд-р мед. наук
_f1936-
_gИгорь Алексеевич
_9170611
_3RU\NLR\AUTH\770170661
942 _cBOOK
980 _aNBR